|
|
|
|
| LEADER |
00000nab a2200000 a 4500 |
| 001 |
vtls000734135 |
| 003 |
SK-MaSNL |
| 005 |
20260305003459.0 |
| 008 |
250429c2004 xo mr|p|||||||000 b|slo |
| 015 |
|
|
|a SNBRB2004/11
|2 snkbucl
|
| 035 |
|
|
|a (uuid)6fd6f131-4d39-40a4-8097-2af0cf6da13e
|
| 035 |
|
|
|a urn:nbn:sk:snk-ab20hm
|
| 035 |
|
|
|a (urnnbn)urn:nbn:sk:snk:ar-a01d2k
|
| 038 |
|
|
|a SNKBUCL
|
| 040 |
|
|
|a SNKBUCL
|b slo
|c SNKBUCL
|e AACR2
|
| 041 |
0 |
|
|a slo
|
| 044 |
|
|
|a xo
|c SK
|
| 080 |
|
|
|a 78.079
|2 1997
|
| 100 |
1 |
|
|a Fecsková, Silvia,
|d 1958-
|4 aut
|9 263003
|
| 245 |
1 |
0 |
|a Festival jubilejne
|c Silvia Fecsková
|
| 611 |
2 |
7 |
|a Medzinárodné hudobné leto
|n (50. :
|d 2004 :
|c Bardejovské Kúpele, Slovensko)
|2 snkbucl
|9 1580433
|
| 773 |
0 |
|
|t Hudobný život
|g Roč. XXXVI, č. 10 (2004), s. 21-22
|x 1335-4140
|
| 850 |
|
|
|a Slovenská národná knižnica
|
| 852 |
|
|
|a Slovenská národná knižnica
|
| 954 |
|
|
|a odborná, vedecká literatúra pôvodná (slovenská)
|2 lita
|
| 958 |
|
|
|a article27
|
| 958 |
|
|
|a OND
|
| 958 |
|
|
|a EUIPO
|
| 999 |
|
|
|c 3230521
|d 3232451
|